000 00641nam a2200205Ia 4500
003 GCL
008 140319s9999 xx 000 0 ara d
040 _aGCL /
_cGCL
082 0 4 _a956.9
_bب ت
100 1 _aبيغن، مناحم
245 1 0 _aتمرد اسرائيل /
_cبيغن، مناحم
700 1 _aمحمد حسن اللحام
300 _a220 ص
490 _aالهيئة العامة للاستعلامات
_v0
650 0 4 _aالنزاع العربى الاسرائيلى
650 0 4 _aالصهيونية
650 0 4 _aالصهيونية واليهودية
650 0 4 _aاسرائيل - تاريخ
942 _2ddc
_cBK
999 _c51025
_d51025